000 00611nam a22002177a 4500
003 OSt
005 20260601171018.0
008 260508b1985\\\\mx\a||||\||||\00|\0\spa\\d
040 _aICI
_bspa
_cICI
_erda
041 _aspa
050 _aGE190.M6
_bC65
100 _eComisión de Ecología del DDF
245 1 _aComisión de Ecología del Departamento del Distrito Federal
264 _aMéxico :
_c1985
300 _bilustraciones
336 _2rdacontent
_atexto
337 _2rdamedia
_asin medio
338 _2rdacarrier
_avolumen
502 _aPeriodo marzo, 1983 - diciembre, 1984
942 _2lcc
_cB
_n1
999 _c20775
_d20775